000
00309nam a22001217a 4500
008
160613b xxu||||| |||| 00| 0 eng d
020
_a
9780323011778
020
_a
0323011772
041
_a
eng
080
_a
618.2
245
_a
Medical surgical nursing:
_c
Paulette D. Rollant;Deborah A.Ennis;
942
_2
udc
_c
BK
999
_c
2458
_d
2458